Prime Minister Indira Gandhi (Record no. 823)

MARC details
000 -LEADER
fixed length control field 00369nam a22001217a 4500
008 - FIXED-LENGTH DATA ELEMENTS--GENERAL INFORMATION
fixed length control field 230607b xxu||||| |||| 00| 0 eng d
082 ## - DEWEY DECIMAL CLASSIFICATION NUMBER
Classification number 954.04
Item number GAN
100 ## - MAIN ENTRY--PERSONAL NAME
Titles and words associated with a name Prime Minister Indira Gandhi
245 ## - TITLE STATEMENT
Title Prime Minister Indira Gandhi
Remainder of title Statements on Foreign Policy October-December,1982
260 ## - PUBLICATION, DISTRIBUTION, ETC. (IMPRINT)
Place of publication, distribution, etc. India
Name of publisher, distributor, etc. External Publicity Division
300 ## - PHYSICAL DESCRIPTION
Extent 64p
942 ## - ADDED ENTRY ELEMENTS (KOHA)
Source of classification or shelving scheme Dewey Decimal Classification
Koha item type Books
Holdings
Withdrawn status Lost status Source of classification or shelving scheme Damaged status Not for loan Home library Current library Date acquired Total Checkouts Full call number Barcode Date last seen Price effective from Koha item type
    Dewey Decimal Classification     Bunge Tower Library Bunge Tower Library 06/07/2023   954.04 GAN 10002421 06/07/2023 06/07/2023 Books
    Dewey Decimal Classification     Bunge Tower Library Bunge Tower Library 06/08/2023   954.04 GAN 100001405 06/08/2023 06/08/2023 Books
    Dewey Decimal Classification     County Hall Archives County Hall Archives 06/21/2023   954.04 GAN 10002177 06/21/2023 06/21/2023 Books
LIBRARY OPENING HOURS

When the Parliament is sitting: 8.00a.m - 7.00p.m or until the house adjourns
Mondays and Fridays and when the House is on Recess:  8.00a.m - 5.00p.m
Closed on Weekends and Public Holidays

Online Public Access Catalog (OPAC)
Website: http://www.parliament.go.ke
Bunge Library: https://libraryir.parliament.go.ke
Contact: library@parliament.go.ke | Tel no: (254-2)2221291 or 2848000 Ext 5043